000 00675cam a2200241 4500
008 090401t1994 xxu||||| |||| 00| 0 eng d
020 _a0337235988
035 _a(Sirsi) u22545
041 _aeng
050 _a346.41604343
110 _aLaw Reform Advisory Committee for Northern Ireland
_9312
245 _aBusiness tenancies (Report No. 1)
260 _aBelfast
_bHMSO
_c1994
300 _a91p. ; 30cm.
350 _a9.1
490 _aL
_vLRAC no.2 1994
650 _aBUSINESS TENANCIES
650 _aNORTHERN IRELAND
690 _aLANDLORD AND TENANT-BUSINESS TENANCIES
700 _aCarswell, Robert Douglas
_xChairman
942 _n0
948 _c04/03/1997
999 _c88205
_d88205